Матрица переноса фрактального потенциала в форме канторовой лестницы; Известия вузов. Физика; Т. 46, № 9

Podrobná bibliografie
Parent link:Известия вузов. Физика/ Министерство общего и профессионального образования Российской Федерации ; Томский Госуниверситет.— , 1958-.— 0021-3411
Т. 46, № 9.— 2003.— с. 64-70
Hlavní autor: Чуприков Н. Л.
Další autoři: Жабин Д. Н.
Jazyk:ruština
Vydáno: 2003
Edice:Физика элементарных частиц и теория поля
Témata:
Médium: Kapitola
KOHA link:https://koha.lib.tpu.ru/cgi-bin/koha/opac-detail.pl?biblionumber=419922

MARC

LEADER 00000naa2a2200000 4500
001 419922
005 20231101073322.0
035 |a (RuTPU)RU\TPU\prd\77380 
035 |a RU\TPU\prd\19576 
090 |a 419922 
100 |a 20100227a2003 k y0rusy50 ca 
101 0 |a rus 
102 |a RU 
200 1 |a Матрица переноса фрактального потенциала в форме канторовой лестницы  |f Н. Л. Чуприков, Д. Н. Жабин 
225 1 |a Физика элементарных частиц и теория поля 
320 |a Библиогр.: 12 назв. 
461 1 |0 (RuTPU)RU\TPU\prd\191  |x 0021-3411  |t Известия вузов. Физика  |f Министерство общего и профессионального образования Российской Федерации ; Томский Госуниверситет  |d 1958- 
463 1 |0 (RuTPU)RU\TPU\prd\77369  |t Т. 46, № 9  |v с. 64-70  |d 2003 
610 1 |a туннелирование 
610 1 |a матрица переноса 
610 1 |a нерелятивистские частицы 
610 1 |a канторовая лестница 
610 1 |a фрактальная геометрия 
675 |a 530.1:530.145  |v 3 
700 1 |a Чуприков  |b Н. Л. 
701 1 |a Жабин  |b Д. Н. 
801 1 |a RU  |b 63413507  |c 20031113  |g PSBO 
801 2 |a RU  |b 63413507  |c 20101028  |g PSBO 
942 |c BK